Peace audit 2006, supporting an enabling environment for peace in Sri Lanka : (Record no. 2227)

MARC details
000 -LEADER
fixed length control field 004630000a22001210004500
008 - FIXED-LENGTH DATA ELEMENTS--GENERAL INFORMATION
fixed length control field 230817t ||||| |||| 00| 0 eng d
082 ## - DEWEY DECIMAL CLASSIFICATION NUMBER
Classification number 303.66
Item number PEA
942 ## - ADDED ENTRY ELEMENTS (KOHA)
Item Type Reports
245 ## - TITLE STATEMENT
Title Peace audit 2006, supporting an enabling environment for peace in Sri Lanka :
Sub Title analysis of community perspectives on peace and conflict in Sri Lanka.
260 ## - PUBLICATION, DISTRIBUTION, ETC. (IMPRINT)
Place of Publication Colombo:
Name of Publisher Consortium of Humanitarian Agencies,
Date of Copyright 2006
300 ## - PHYSICAL DESCRIPTION
Extent 48 p. ; 27 cm.
650 ## - SUBJECT ADDED ENTRY--TOPICAL TERM
Topical Term PEACE-Sri Lanka-Statistics
Holdings
Withdrawn status Lost status Source of classification or shelving scheme Damaged status Not for loan Permanent location Current location Date acquired Total Checkouts Full call number Barcode Date last seen Price effective from Koha item type
    Dewey Decimal Classification     Resource center, Muslim Women's Research And Action Forum Resource center, Muslim Women's Research And Action Forum 2023-08-17   303.66 PEA RAF4457 2023-08-17 2023-08-17 Reports

Copyright © 2023 Muslim Women's Research and Action Forum (MWRAF), No 27/3, Anderson Road, Kalubowila, Dehiwela. Funded by The Asia Fundation